00979cam a22003011 45000010005000000030006000050050017000110080041000280100017000690200018000860350012001040400023001160500018001390820008001571000035001652450077002002600035002773000047003123360026003593370028003853380027004135050007004405200149004475210021005965210019006176500022006366500019006588458FISKH20250912155757.0850925s1956 nyua j 000 1 eng  a 57000062  a9780670782253 a4529491 aDLCbengcDLCdDLC00aPZ7.B423bMac00a8111 aBemelmans, Ludwig,d1898-1962.10aMadeline and the bad hat /cwritten and illustrated by Ludwig Bemelmans. aNew York :bViking Pressc1956 a50 pages : bcolor illustrations ; c20 cm atextbtxt2rdacontent aunmediatedbn2rdamedia avolumebnc2rdacarrier aR  aWhen the Spanish ambassador moves in next door, Madeline and the rest of the twelve little girls discover that his son is not the best neighbor.8 a720 bLexile AD 8 aR bRaz-Plus  1aStories in rhyme. 1aPicture books.